[Event "HUN-chT BAZ megyei CSB 2122"]
[Site "Hungary"]
[Date "2021.10.17"]
[Round "1.11"]
[White "Nemeth, Tamas"]
[Black "Trezsi, Balazs"]
[Result "1-0"]
[WhiteElo "1496"]
[BlackElo "1354"]
[PlyCount "91"]
[EventDate "2021.10.17"]
[EventType "team-tourn"]
[EventRounds "9"]
[EventCountry "HUN"]
[SourceTitle "EXT 2025"]
[Source "ChessBase"]
[SourceDate "2024.10.14"]
[SourceVersion "1"]
[SourceVersionDate "2024.10.14"]
[SourceQuality "1"]
[WhiteTeam "Ozdi Sakk SE"]
[BlackTeam "Hidasnemeti VSC"]
[WhiteTeamCountry "HUN"]
[BlackTeamCountry "HUN"]

1. d4 d5 2. Bf4 Nf6 3. Nc3 a6 4. e3 Bf5 5. h3 Nc6 6. a3 e6 7. f3 h6 8. Bd3 Bxd3 9. Qxd3 Nh5 10. Nge2 Bd6 11. Bxd6 Qxd6 12. f4 Ne7 13. 0-0-0 0-0-0 14. g4 Nf6 15. Ng3 g6 16. Rhg1 g5 17. f5 e5 18. dxe5 Qxe5 19. Rde1 Rhe8 20. Qd4 Qxd4 21. exd4 Nc6 22. Rd1 Ne4 23. Ncxe4 dxe4 24. c3 Na5 25. Kc2 Nc4 26. Rge1 e3 27. Re2 Rd7 28. Nf1 Rde7 29. Rde1 Re4 30. Kd3 b5 31. Nxe3 Rxe3+ 32. Rxe3 Rxe3+ 33. Rxe3 Nxe3 34. Kxe3 Kd7 35. Ke4 Kd6 36. d5 Ke7 37. b3 c5 38. dxc6 Kd6 39. c7 Kxc7 40. Ke5 Kd7 41. f6 Ke8 42. Kd6 Kf8 43. Kd7 Kg8 44. Ke7 Kh7 45. Kxf7 a5 46. Ke8 1-0